[Event "TUR Cup"]
[Site "Denizli"]
[Date "2023.07.21"]
[Round "8"]
[White "Ozgun, Yigit Deniz"]
[Black "Ozcelik, Ali Kaan"]
[Result "1/2-1/2"]
[WhiteElo "1716"]
[BlackElo "1938"]
[PlyCount "60"]
[EventDate "2023.07.16"]
[EventType "team-tourn"]
[EventRounds "9"]
[EventCountry "TUR"]
[SourceTitle "CBM 215 Extra"]
[Source "ChessBase"]
[SourceDate "2023.09.30"]
[SourceVersion "1"]
[SourceVersionDate "2023.09.30"]
[SourceQuality "1"]

1. e4 c5 2. Nf3 g6 3. Bc4 Nc6 4. c3 e6 5. Bb3 d5 6. exd5 exd5 7. d4 c4 8. Bc2 Bg7 9. 0-0 Nge7 10. Re1 0-0 11. Bf4 Bf5 12. Nbd2 b5 13. Nf1 Bxc2 14. Qxc2 Nf5 15. Ne3 Nxe3 16. Rxe3 Qd7 17. Rae1 Rfe8 18. Ne5 Nxe5 19. Bxe5 f6 20. Bf4 Rxe3 21. Bxe3 Bf8 22. h3 Bd6 23. Qe2 Re8 24. Qf3 Qf5 25. Qxf5 gxf5 26. Kf1 Kf7 27. Bd2 Rxe1+ 28. Kxe1 h5 29. Ke2 Kg6 30. Kf3 a6 1/2-1/2

[Event "TUR Cup"]
[Site "Denizli"]
[Date "2023.07.19"]
[Round "5"]
[White "Ozcelik, Ali Kaan"]
[Black "Gulbeyaz, Emir"]
[Result "1/2-1/2"]
[WhiteElo "1938"]
[BlackElo "2213"]
[PlyCount "80"]
[EventDate "2023.07.16"]
[EventType "team-tourn"]
[EventRounds "9"]
[EventCountry "TUR"]
[SourceTitle "CBM 215 Extra"]
[Source "ChessBase"]
[SourceDate "2023.09.30"]
[SourceVersion "1"]
[SourceVersionDate "2023.09.30"]
[SourceQuality "1"]

1. d4 g6 2. Nf3 Bg7 3. c4 d6 4. Nc3 Nc6 5. e3 Nf6 6. Be2 0-0 7. 0-0 e5 8. Qb3 e4 9. Nd2 Re8 10. Nd5 a5 11. f4 Bf5 12. a3 Nxd5 13. cxd5 Ne7 14. Qxb7 Rb8 15. Qa6 Nxd5 16. Nc4 Ra8 17. Qb5 Ne7 18. Qa4 Nd5 19. Bd2 Bd7 20. Qc2 a4 21. b4 Bb5 22. Rab1 Qd7 23. Rfe1 Rac8 24. Qd1 Red8 25. Kh1 Qe8 26. Na5 c6 27. Rc1 Qd7 28. Qc2 Re8 29. Qa2 Nb6 30. h3 Kh8 31. Bf1 d5 32. Rc3 Bf8 33. Rec1 g5 34. Qc2 gxf4 35. exf4 Bd6 36. Be3 Rg8 37. Qf2 Rg6 38. g4 Rgg8 39. f5 Bb8 40. Bf4 Rge8 1/2-1/2

[Event "TUR-chT 2nd League"]
[Site "Konya"]
[Date "2019.07.23"]
[Round "2.9"]
[White "Ozcelik, Ali Kaan"]
[Black "Morchiashvili, Bachana"]
[Result "0-1"]
[WhiteElo "1989"]
[BlackElo "2335"]
[PlyCount "68"]
[EventDate "2019.07.22"]
[EventType "team-swiss"]
[EventRounds "9"]
[EventCountry "TUR"]
[SourceTitle "CBM 191 Extra"]
[Source "ChessBase"]
[SourceDate "2019.09.30"]
[SourceVersion "1"]
[SourceVersionDate "2019.09.30"]
[SourceQuality "1"]
[WhiteTeam "Samsun Gercek"]
[BlackTeam "Altin Hamle Corum"]
[WhiteTeamCountry "TUR"]
[BlackTeamCountry "TUR"]

1. d4 Nf6 2. c4 g6 3. Nc3 Bg7 4. e4 d6 5. Nf3 0-0 6. Be2 e5 7. Be3 exd4 8. Nxd4 Re8 9. Bf3 Nbd7 10. 0-0 Nc5 11. Qc2 Bg4 12. Bg5 Bxf3 13. Nxf3 h6 14. Bxf6 Qxf6 15. Nd5 Qd8 16. Rfe1 c6 17. Nc3 Qa5 18. Rad1 Rad8 19. Nd4 Qb4 20. Qe2 f5 21. a3 Qb6 22. Qc2 fxe4 23. Nxe4 Nxe4 24. Rxe4 Bxd4 25. Rxe8+ Rxe8 26. Qxg6+ Kf8 27. Qxd6+ Kf7 28. Qf4+ Bf6 29. Qxh6 Qxb2 30. g3 Qc2 31. Qh5+ Qg6 32. Qc5 Re7 33. a4 Qg4 34. Rd2 Qf3 0-1

[Event "TUR-chT 2nd League"]
[Site "Konya"]
[Date "2018.07.19"]
[Round "6.10"]
[White "Ozcelik, Ali Kaan"]
[Black "Makaraci, Tunahan"]
[Result "1-0"]
[WhiteElo "1967"]
[BlackElo "2021"]
[PlyCount "109"]
[EventDate "2018.07.16"]
[EventType "team-swiss"]
[EventRounds "9"]
[EventCountry "TUR"]
[SourceTitle "EXT 2019"]
[Source "ChessBase"]
[SourceDate "2018.10.10"]
[SourceVersion "1"]
[SourceVersionDate "2018.10.10"]
[SourceQuality "1"]
[WhiteTeam "Samsun Gercek"]
[BlackTeam "Marmara Universitesi"]
[WhiteTeamCountry "TUR"]
[BlackTeamCountry "TUR"]

1. d4 Nf6 2. c4 e6 3. Nf3 b6 4. a3 Bb7 5. Nc3 d5 6. cxd5 exd5 7. Bg5 h6 8. Bh4 Be7 9. e3 Nbd7 10. Bd3 0-0 11. 0-0 c5 12. Qe2 Ne4 13. Bxe7 Qxe7 14. Ba6 Nxc3 15. bxc3 Nf6 16. Bxb7 Qxb7 17. a4 Ne4 18. Qb2 Qa6 19. Ne5 Rac8 20. f3 Nd6 21. a5 cxd4 22. cxd4 Nc4 23. axb6 Qxb6 24. Nxc4 dxc4 25. Qa3 Rfe8 26. Rfc1 Qb3 27. Rc3 Qb6 28. Qxa7 Qb2 29. Qa3 Qd2 30. Qc1 Qe2 31. Qe1 Qb2 32. Rac1 Ra8 33. Qf2 Qb5 34. Qe2 Ra4 35. Rxc4 Rxc4 36. Rxc4 Qg5 37. Rc3 Ra8 38. h3 h5 39. Rc1 h4 40. f4 Qg6 41. Qf3 Re8 42. f5 Qg5 43. Re1 Rc8 44. Qg4 Qf6 45. Rd1 Rc3 46. Qf4 Qc6 47. d5 Qd7 48. d6 Rc6 49. Qe5 Rc2 50. Qe7 Qc6 51. Qd8+ Kh7 52. Qxh4+ Kg8 53. Qg4 Qb6 54. d7 Qxe3+ 55. Kh1 1-0

[Event "TUR-chT 2nd League"]
[Site "Konya"]
[Date "2018.07.17"]
[Round "2.13"]
[White "Ozcelik, Ali Kaan"]
[Black "Nadj Hedjesi, Balind"]
[Result "1/2-1/2"]
[WhiteElo "1967"]
[BlackElo "2291"]
[PlyCount "73"]
[EventDate "2018.07.16"]
[EventType "team-swiss"]
[EventRounds "9"]
[EventCountry "TUR"]
[SourceTitle "EXT 2019"]
[Source "ChessBase"]
[SourceDate "2018.10.10"]
[SourceVersion "1"]
[SourceVersionDate "2018.10.10"]
[SourceQuality "1"]
[WhiteTeam "Samsun Gercek"]
[BlackTeam "Kahramanmaras Ustad"]
[WhiteTeamCountry "TUR"]
[BlackTeamCountry "TUR"]

1. d4 Nf6 2. c4 g6 3. Nc3 Bg7 4. e4 0-0 5. Nf3 d6 6. Be2 e5 7. Be3 Nc6 8. d5 Ne7 9. Nd2 c6 10. b4 a5 11. a3 axb4 12. axb4 Rxa1 13. Qxa1 Ng4 14. Bxg4 Bxg4 15. f3 Bd7 16. 0-0 Bf6 17. Qa7 cxd5 18. exd5 Nf5 19. Bb6 Qc8 20. Nce4 Be7 21. Bf2 Ng7 22. Qb6 Ne8 23. c5 f5 24. Nxd6 Nxd6 25. cxd6 Rf6 26. Bc5 Bd8 27. Qa7 b6 28. Bxb6 Rxd6 29. Bxd8 Qxd8 30. Nc4 Rxd5 31. Re1 Qh4 32. Rc1 Be6 33. Nxe5 Qxb4 34. Rc8+ Bxc8 35. Qf7+ Kh8 36. Qf6+ Kg8 37. Qf7+ 1/2-1/2

[Event "TUR-chT 2nd League"]
[Site "Konya"]
[Date "2017.07.19"]
[Round "4.10"]
[White "Kayaman, Metin"]
[Black "Ozcelik, Ali Kaan"]
[Result "0-1"]
[WhiteElo "1810"]
[BlackElo "1911"]
[PlyCount "90"]
[EventDate "2017.07.17"]
[EventType "team-swiss"]
[EventRounds "9"]
[EventCountry "TUR"]
[SourceTitle "CBM 179 Extra"]
[Source "ChessBase"]
[SourceDate "2017.08.23"]
[SourceVersion "1"]
[SourceVersionDate "2017.08.23"]
[SourceQuality "1"]
[WhiteTeam "Adamlari Amator"]
[BlackTeam "Samsun Gercek"]
[WhiteTeamCountry "TUR"]
[BlackTeamCountry "TUR"]

1. d4 Nf6 2. Nf3 e6 3. Bf4 d5 4. e3 c5 5. Nbd2 Nc6 6. c3 Bd6 7. Bxd6 Qxd6 8. Bd3 0-0 9. 0-0 e5 10. dxe5 Nxe5 11. Nxe5 Qxe5 12. Nf3 Qc7 13. h3 b6 14. Qc2 Re8 15. Rfd1 Bb7 16. Rac1 Qe7 17. Bb5 Red8 18. Qf5 a6 19. Ba4 Rd6 20. Bc2 h6 21. b4 Rad8 22. bxc5 bxc5 23. Rb1 Bc6 24. Qe5 Re6 25. Qf4 Bb5 26. Rd2 Ne4 27. Bxe4 Rxe4 28. Qg3 Rc4 29. Rb3 Ra4 30. Qe5 Qxe5 31. Nxe5 f6 32. Nf3 Bc4 33. Rbb2 Ra3 34. Rbc2 Rb8 35. Rb2 Rxb2 36. Rxb2 Bxa2 37. Nd2 a5 38. e4 dxe4 39. Nxe4 c4 40. Nd6 Bb3 41. Re2 Ra1+ 42. Kh2 a4 43. Re8+ Kh7 44. Rc8 a3 45. Nxc4 a2 0-1

[Event "TUR-chT 2nd League"]
[Site "Konya"]
[Date "2017.07.18"]
[Round "3.8"]
[White "Ozcelik, Ali Kaan"]
[Black "Taze, Bulent"]
[Result "1/2-1/2"]
[WhiteElo "1911"]
[BlackElo "1713"]
[PlyCount "111"]
[EventDate "2017.07.17"]
[EventType "team-swiss"]
[EventRounds "9"]
[EventCountry "TUR"]
[SourceTitle "CBM 179 Extra"]
[Source "ChessBase"]
[SourceDate "2017.08.23"]
[SourceVersion "1"]
[SourceVersionDate "2017.08.23"]
[SourceQuality "1"]
[WhiteTeam "Samsun Gercek"]
[BlackTeam "Gaziante Seviye"]
[WhiteTeamCountry "TUR"]
[BlackTeamCountry "TUR"]

1. d4 d5 2. c4 e6 3. Nc3 c6 4. e4 dxe4 5. Nxe4 Nd7 6. Nf3 Ngf6 7. Nc3 Be7 8. Be2 0-0 9. 0-0 Re8 10. h3 a6 11. a4 h6 12. Bf4 Nf8 13. Qb3 Bd6 14. Ne5 Bxe5 15. Bxe5 Ng6 16. Rad1 Nxe5 17. dxe5 Nd7 18. f4 Qb6+ 19. Qxb6 Nxb6 20. a5 Nd7 21. Bf3 Nf8 22. Ne4 Rb8 23. Nd6 Re7 24. c5 Rc7 25. Rd4 Bd7 26. Be4 Be8 27. Rfd1 f6 28. Bd3 fxe5 29. fxe5 Bg6 30. Bc4 Kh7 31. b4 Re7 32. Rf4 Nd7 33. Re1 Rf8 34. g3 Rb8 35. Rd4 Nf8 36. g4 Bf7 37. Kf2 Bg8 38. Bd3+ Kh8 39. Kg3 Bh7 40. Bxh7 Kxh7 41. h4 Rd7 42. Rf1 Kg8 43. Re4 Nh7 44. Ref4 Rf8 45. R1f2 Rxf4 46. Kxf4 Nf8 47. Ke4 Ng6 48. Rh2 Ne7 49. g5 h5 50. Rb2 Ng6 51. Rh2 Ne7 52. Rh3 Ng6 53. Rh1 Ne7 54. Kd4 Nf5+ 55. Kc3 Ne7 56. Kd4 1/2-1/2

[Event "Troya op 23rd"]
[Site "Canakkale"]
[Date "2015.08.08"]
[Round "1"]
[White "Yagiz, Yasin Emrah"]
[Black "Ozcelik, Ali Kaan"]
[Result "0-1"]
[WhiteElo "2252"]
[BlackElo "1820"]
[PlyCount "118"]
[EventDate "2015.08.08"]
[EventType "swiss"]
[EventRounds "9"]
[EventCountry "TUR"]
[SourceTitle "CBM 167 Extra"]
[Source "ChessBase"]
[SourceDate "2015.09.14"]
[SourceVersion "1"]
[SourceVersionDate "2015.09.14"]
[SourceQuality "1"]

1. Nf3 Nf6 2. c4 g6 3. g3 Bg7 4. Bg2 0-0 5. 0-0 c5 6. d4 cxd4 7. Nxd4 d6 8. Nc3 a6 9. b3 Qa5 10. Bb2 Qh5 11. e3 Qh6 12. h4 g5 13. hxg5 Qxg5 14. Ne4 Nxe4 15. Bxe4 Qf6 16. Qc2 h6 17. Kg2 e5 18. Nf5 Bxf5 19. Bxf5 Qe7 20. Rh1 Nc6 21. Rh4 Rfd8 22. Bh7+ Kf8 23. Qe4 Qc7 24. Rd1 Qa5 25. a3 Qb6 26. b4 Ne7 27. Qf3 Ng8 28. Bxg8 Kxg8 29. Rg4 Qc6 30. Rd5 Kf8 31. Qe4 Bf6 32. b5 axb5 33. cxb5 Qc8 34. Qb4 Qe6 35. Rd1 Be7 36. Qe4 h5 37. Rh4 Bxh4 38. Qxh4 Qg4 39. Rh1 Qxh4 40. Rxh4 Ke7 41. Rxh5 Rh8 42. Rf5 Ke6 43. e4 Ra5 44. g4 Rc8 45. Rf3 Rxb5 46. Bc3 Rb3 47. Bb4 Rxf3 48. Kxf3 b5 49. g5 Rc4 50. Ke3 Rc1 51. f4 exf4+ 52. Kxf4 Rc4 53. Ke3 Ke5 54. Kf3 Rxe4 55. Bxd6+ Kf5 56. Bc7 Rc4 57. Bd6 Rc3+ 58. Ke2 Kxg5 59. Kd2 Rh3 0-1

[Event "TUR-chT2"]
[Site "Konya"]
[Date "2014.06.26"]
[Round "6.11"]
[White "Ozcelik, Ali Kaan"]
[Black "Acar, Cengiz Can"]
[Result "1/2-1/2"]
[WhiteElo "1766"]
[BlackElo "1717"]
[PlyCount "80"]
[EventDate "2014.06.23"]
[EventType "team-swiss"]
[EventRounds "9"]
[EventCountry "TUR"]
[SourceTitle "CBM 161 Extra"]
[Source "ChessBase"]
[SourceDate "2014.08.29"]
[SourceVersion "1"]
[SourceVersionDate "2014.08.29"]
[SourceQuality "1"]
[WhiteTeam "Gercek"]
[BlackTeam "Er Bakir"]
[WhiteTeamCountry "TUR"]
[BlackTeamCountry "TUR"]

1. e4 e6 2. d4 d5 3. exd5 exd5 4. Nf3 Nf6 5. Bg5 c6 6. h3 Bd6 7. Be2 Qa5+ 8. c3 Ne4 9. 0-0 Nxg5 10. Nxg5 h6 11. Nf3 Bf5 12. Bd3 Bxd3 13. Qxd3 0-0 14. Qf5 Qc7 15. Nbd2 g6 16. Qd3 Nd7 17. b3 Rfe8 18. c4 Nf6 19. Rfe1 Kf8 20. Nf1 Rxe1 21. Rxe1 Re8 22. Rxe8+ Kxe8 23. Qe3+ Qe7 24. Qxh6 Kd7 25. Qg5 Ne4 26. Qe3 dxc4 27. bxc4 a5 28. Qb3 Kc8 29. Qd1 Nc3 30. Qc2 Ne2+ 31. Kh1 Ba3 32. Ne3 Nf4 33. g3 Nxh3 34. Kg2 Ng5 35. Nxg5 Qxg5 36. d5 Bd6 37. Qe4 Qe5 38. Qxe5 Bxe5 39. Kf3 Kc7 40. Ke4 Bg7 1/2-1/2

[Event "TUR-chT2"]
[Site "Konya"]
[Date "2014.06.24"]
[Round "2.11"]
[White "Ozcelik, Ali Kaan"]
[Black "Yasin, Hur"]
[Result "0-1"]
[WhiteElo "1766"]
[BlackElo "2123"]
[PlyCount "54"]
[EventDate "2014.06.23"]
[EventType "team-swiss"]
[EventRounds "9"]
[EventCountry "TUR"]
[SourceTitle "CBM 161 Extra"]
[Source "ChessBase"]
[SourceDate "2014.08.29"]
[SourceVersion "1"]
[SourceVersionDate "2014.08.29"]
[SourceQuality "1"]
[WhiteTeam "Gercek"]
[BlackTeam "Antalya"]
[WhiteTeamCountry "TUR"]
[BlackTeamCountry "TUR"]

1. e4 c5 2. Nc3 Nc6 3. g3 e6 4. Bg2 Nf6 5. Nge2 d5 6. exd5 exd5 7. d3 h6 8. 0-0 Be7 9. Nf4 Bg4 10. Qd2 d4 11. Ncd5 g5 12. Nxf6+ Bxf6 13. Re1+ Ne5 14. h3 Bd7 15. Nh5 Kf8 16. Qe2 Nc6 17. Bd5 Qe7 18. Qd1 Be5 19. Bxc6 Bxc6 20. Qg4 Qd6 21. f3 Bd7 22. Qe4 Bxg3 23. Qxb7 Rb8 24. Qxb8+ Qxb8 25. Re2 Be5 26. b4 cxb4 27. a3 f6 0-1